Central Library OPAC University of Rajshahi

Human rights for backward Section of Citizens with Special Reference to Education : (Record no. 79586)

MARC details
000 -LEADER
fixed length control field 01143nam a2200277 a 4500
001 - CONTROL NUMBER
RUCL Control Number 79586
003 - CONTROL NUMBER IDENTIFIER
rucl marc code BD-RjUL
005 - DATE AND TIME OF LATEST TRANSACTION
control field 20220511115640.0
008 - FIXED-LENGTH DATA ELEMENTS--GENERAL INFORMATION
fixed length control field 220321s2006 bg a|||| m||| 00| 0 eng d
035 ## - SYSTEM CONTROL NUMBER
system control number (BD-RjUL)79586
040 ## - CATALOGING SOURCE
Original cataloging agency BD-RjUL
Language of cataloging eng
Transcribing agency BD-RjUL
Modifying agency BD-RjUL
041 ## - LANGUAGE CODE
Language code of Book eng
082 ## - DEWEY DECIMAL CLASSIFICATION NUMBER
Classification number 323.154924
Author mark and Year RAH 2006
DDC Edition number 23
100 ## - MAIN ENTRY--PERSONAL NAME
Personal name Rahaman, Md. Aminur
9 (RLIN) 1940
245 01 - TITLE STATEMENT
Title Human rights for backward Section of Citizens with Special Reference to Education :
Remainder of title A Study of Dhaka City Slum Dwellers /
Statement of responsibility, etc Md. Aminur Rahaman ;
Name of Supervisor/Co-Supervisor Supervisor : M. Habibur Rahman
260 ## - PUBLICATION, DISTRIBUTION, ETC. (IMPRINT)
Place of publication, distribution, etc Rajshahi :
Name of publisher, distributor, etc Institute of Education and Research (IER), University of Rajshahi,
Date of publication, distribution, etc 2006
300 ## - PHYSICAL DESCRIPTION
Pagination xix, 250 Leaves :
Other physical details ill. ;
Dimensions 29 cm.
502 ## - DISSERTATION NOTE
Dissertation note Thesis (Ph. D.) -- Institute of Education and Research (IER), University of Rajshahi, 2006
504 ## - BIBLIOGRAPHY, ETC. NOTE
Bibliography, etc Bibliography : Leaves [239]-250
600 ## - SUBJECT ADDED ENTRY--PERSONAL NAME
Geographic subdivision
-- 2917
650 ## - SUBJECT ADDED ENTRY--TOPICAL TERM
Topical term or geographic name as entry element Human rights
Geographic subdivision Banglasdesh
-- Dhaka City
9 (RLIN) 2918
Topical term or geographic name as entry element Slums
Geographic subdivision Banglasdesh
-- Dhaka City
9 (RLIN) 2919
Topical term or geographic name as entry element Social justice.
Geographic subdivision Banglasdesh
-- Dhaka City
9 (RLIN) 2920
700 ## - ADDED ENTRY--SUPERVISOR/CO-SUPERVISOR NAME
Personal name Rahman, M. Habibur, Supervisor
9 (RLIN) 1942
942 ## - ADDED ENTRY ELEMENTS (KOHA)
Source of classification or shelving scheme Dewey Decimal Classification
Koha item type Theses
Holdings
Source of classification or shelving scheme Damaged status Not for loan Collection code Permanent Location Current Location Shelving location Date of accession Source of acquisition Full call number Barcode Date last seen Copy number Thesis
Dewey Decimal Classification   Not For Loan Theses Central Library, University of Rajshahi Central Library, University of Rajshahi Documentation Section 14/02/2007 Controller of Exam., R.U THE 323.154924 RAH 2006 D2594 21/03/2022 C-1 Theses